000 00577nam a22002057a 4500
003 UA-OsUOA
001 43645
007 ta
008 20070117b un ||||| |||| 00| 0 ukr d
090 _a34
_bЗ-11
942 _cSA
040 _aUA-OsUOA
_bukr
_cUA-OsUOA
_dUA-OsUOA
245 _aЗакон України Про внесення змін до Сімейного та Цивільного кодексів України
300 _aС.13
955 _a0
041 _aukr
080 _a34
773 0 _w43643
650 7 _a34 Право. Юриспруденція
_2UDC
999 _c329765
_d329765